LOTR Missing Rings of Power Quiz Stats

 Plays Quiz Updated Mar 9, 2016

Challenge
Share
Tweet
Embed
Score 0/8 Timer 01:00
8 Plays Today
Poem Missing Word % Correct
One Ring to _____ them all, One Ring to find them,rule
90.6%
_____ for the Dwarf-lords in their halls of stone,Seven
87.3%
In the Land of _____ where the Shadows lie.Mordor
85.1%
One Ring to bring them all, and in the _____ bind themdarkness
83%
Nine for Mortal Men doomed to _____,die
81.9%
Three Rings for the _____-kings under the skyElven
76.3%
One for the Dark Lord on his dark _____throne
71.8%
In the Land of Mordor where the _____ lie.Shadows
63.8%

You're not logged in!

Compare scores with friends on all Sporcle quizzes.
OR
Log In

You Might Also Like...

Show Comments

Extras

Top Quizzes Today


Score Distribution

Your Account Isn't Verified!

In order to create a playlist on Sporcle, you need to verify the email address you used during registration. Go to your Sporcle Settings to finish the process.

Report this User

Report this user for behavior that violates our Community Guidelines.

Details: